000
00212 a2200097 4500
001
3463
100
_a
Williamson, J A
245
_a
Americans rise to world power
260
_a
_b
Hamilton
_c
090
_c
2729
_d
2729
942
_a
NUST-CAE
_c
M
_c
19213
999
_c
238536
_d
238536